000 00937nam a22002897a 4500
003 CHAP
005 20220329140452.0
008 971013s r 00010 d
010 _a52417
011 _a53389
035 _a57539
040 _cCHAP
090 _aR-1152
100 0 0 _aSánchez Chagollán, Alfredo.
_9107418
245 _aLevantamiento hidrográfico en vasos de almacenamiento
500 _aSobretiro de: Ingeniería Hidráulica en México 24(2): 175-186, 1970
590 _aBATCH-UPD
_b10
_c20130110
_lUCH01
_h1318
590 _aBATCH-UPD
_b10
_c20130410
_lUCH01
_h0829
590 _aBATCH-UPD
_b10
_c20130914
_lUCH01
_h0310
590 _aCONVERSION
_b10
_c20130109
_lUCH01
_h1328
650 1 4 _aAgua
_xAlmacenamiento.
_92279
650 1 4 _aLevantamiento hidrográfico.
_966425
901 _aBK
942 _cFOLL
949 _aR-1152
_bBC
_cR
_d-125125
_eTS1
_i57539
_si
949 _aR-1152
_bBC
_cR
_d-125126
_eTS2
_fc.2
_i57539
_si
999 _c52417
_d52417